[Event "Olomouc Chess Summer 2022 - B2"]
[Site "Olomouc (CZE), Hotel Flora"]
[Date "2022.08.14"]
[Round "2"]
[Board "4"]
[White "Mica, Marek"]
[Black "Saypuri, Srithan"]
[Result "1-0"]
[WhiteElo "2297"]
[BlackElo "2045"]
[PlyCount "0"]
[EventDate "2022.08.13"]
[EventRounds "9"]
[EventCountry "CZE"]

1. d4 {[%clk 1:30:04]} Nf6 {[%clk 1:30:33]} 2. c4 {[%clk 1:30:05]} g6
{[%clk 1:30:58]} 3. Nc3 {[%clk 1:30:04]} Bg7 {[%clk 1:31:23]} 4. g3
{[%clk 1:29:00]} O-O {[%clk 1:31:44]} 5. Bg2 {[%clk 1:29:25]} d6 {[%clk 1:32:08]}
6. Nf3 {[%clk 1:29:49]} Nc6 {[%clk 1:32:28]} 7. O-O {[%clk 1:30:03]} a6
{[%clk 1:32:55]} 8. b3 {[%clk 1:28:53]} e5 {[%clk 1:33:19]} 9. dxe5
{[%clk 1:27:25]} dxe5 {[%clk 1:31:53]} 10. Bg5 {[%clk 1:22:57]} Be6
{[%clk 1:27:08]} 11. Qc1 {[%clk 1:21:40]} Qc8 {[%clk 1:26:30]} 12. Rd1
{[%clk 1:19:01]} Rd8 {[%clk 1:18:32]} 13. Nd2 {[%clk 0:55:25]} Rb8
{[%clk 1:00:44]} 14. e3 {[%clk 0:35:57]} h6 {[%clk 0:43:59]} 15. Bxf6
{[%clk 0:34:12]} Bxf6 {[%clk 0:43:39]} 16. Nde4 {[%clk 0:29:23]} Bg7
{[%clk 0:41:33]} 17. Nc5 {[%clk 0:25:29]} Rxd1+ {[%clk 0:33:07]} 18. Qxd1
{[%clk 0:24:42]} Ne7 {[%clk 0:29:46]} 19. Qd2 {[%clk 0:17:51]} Bf8
{[%clk 0:17:06]} 20. Rc1 {[%clk 0:15:21]} c6 {[%clk 0:12:06]} 21. N3e4
{[%clk 0:12:22]} Nf5 {[%clk 0:10:53]} 22. Qc3 {[%clk 0:11:13]} Bg7
{[%clk 0:06:11]} 23. Rd1 {[%clk 0:11:16]} b6 {[%clk 0:05:36]} 24. Nxe6
{[%clk 0:11:23]} Qxe6 {[%clk 0:06:05]} 25. c5 {[%clk 0:11:16]} bxc5
{[%clk 0:04:54]} 26. Nxc5 {[%clk 0:10:04]} Qc8 {[%clk 0:04:26]} 27. Qc4
{[%clk 0:09:10]} Bf8 {[%clk 0:02:25]} 28. Nd7 {[%clk 0:06:47]} Rb4
{[%clk 0:01:10]} 29. Qxc6 {[%clk 0:06:52]} Qxc6 {[%clk 0:00:55]} 30. Bxc6
{[%clk 0:07:15]} Bg7 {[%clk 0:01:11]} 31. Nc5 {[%clk 0:07:00]} a5
{[%clk 0:01:23]} 32. Rd8+ {[%clk 0:06:51]} Kh7 {[%clk 0:01:48]} 33. Bd5
{[%clk 0:05:43]} Rb5 {[%clk 0:01:34]} 34. Ne4 {[%clk 0:05:34]} Rb4
{[%clk 0:01:57]} 35. Bxf7 {[%clk 0:05:06]} a4 {[%clk 0:01:02]} 36. Bg8+
{[%clk 0:04:41]} Kh8 {[%clk 0:01:30]} 37. Bc4+ {[%clk 0:04:15]} Kh7
{[%clk 0:01:54]} 38. Nc5 {[%clk 0:04:16]} axb3 {[%clk 0:02:16]} 39. axb3
{[%clk 0:04:33]} h5 {[%clk 0:02:32]} 40. Rd7 {[%clk 0:03:11]} Kh6
{[%clk 0:02:41]} 41. Ne6 {[%clk 0:03:21]} Bf6 {[%clk 0:02:54]} 42. Rf7
{[%clk 0:02:56]}  1-0

[Event "Olomouc Chess Summer 2022 - B2"]
[Site "Olomouc (CZE), Hotel Flora"]
[Date "2022.08.14"]
[Round "2"]
[Board "5"]
[White "Nemec, Jachym"]
[Black "Paseka, Matyas"]
[Result "1-0"]
[WhiteElo "2341"]
[BlackElo "2218"]
[PlyCount "0"]
[EventDate "2022.08.13"]
[EventRounds "9"]
[EventCountry "CZE"]

1. d4 {[%clk 1:30:58]} Nf6 {[%clk 1:30:53]} 2. c4 {[%clk 1:31:17]} g6
{[%clk 1:31:15]} 3. g3 {[%clk 1:31:38]} Bg7 {[%clk 1:31:37]} 4. Bg2
{[%clk 1:32:04]} O-O {[%clk 1:31:55]} 5. Nc3 {[%clk 1:32:31]} d6 {[%clk 1:32:14]}
6. Nf3 {[%clk 1:32:54]} Nc6 {[%clk 1:32:36]} 7. O-O {[%clk 1:33:18]} a6
{[%clk 1:33:00]} 8. b3 {[%clk 1:33:27]} Rb8 {[%clk 1:33:10]} 9. d5
{[%clk 1:32:25]} Na5 {[%clk 1:33:11]} 10. Bg5 {[%clk 1:32:46]} b5
{[%clk 1:22:55]} 11. cxb5 {[%clk 1:32:24]} axb5 {[%clk 1:23:16]} 12. b4
{[%clk 1:32:02]} Nc4 {[%clk 1:23:09]} 13. Qb3 {[%clk 1:31:46]} Bb7
{[%clk 1:11:33]} 14. e4 {[%clk 1:17:10]} c6 {[%clk 1:07:15]} 15. Rad1
{[%clk 1:11:36]} h6 {[%clk 0:57:45]} 16. dxc6 {[%clk 1:02:00]} Bxc6
{[%clk 0:57:27]} 17. Nd4 {[%clk 1:02:13]} Bd7 {[%clk 0:55:30]} 18. Bc1
{[%clk 1:02:11]} Qb6 {[%clk 0:34:19]} 19. a4 {[%clk 0:55:17]} Bg4
{[%clk 0:27:57]} 20. axb5 {[%clk 0:38:19]} Bxd1 {[%clk 0:27:54]} 21. Qxc4
{[%clk 0:37:40]} Nxe4 {[%clk 0:13:26]} 22. Nxe4 {[%clk 0:36:58]} Bxd4
{[%clk 0:13:24]} 23. Rxd1 {[%clk 0:36:21]} Rfc8 {[%clk 0:13:26]} 24. Qa2
{[%clk 0:32:39]} Qxb5 {[%clk 0:09:45]} 25. Bxh6 {[%clk 0:30:57]} Qxb4
{[%clk 0:07:31]} 26. Ng5 {[%clk 0:25:40]} e6 {[%clk 0:03:11]} 27. Nxe6
{[%clk 0:22:42]} fxe6 {[%clk 0:03:37]} 28. Qxe6+ {[%clk 0:23:07]} Kh8
{[%clk 0:02:49]} 29. Qh3 {[%clk 0:22:23]} Bxf2+ {[%clk 0:00:38]} 30. Kh1
{[%clk 0:19:03]} Qc5 {[%clk 0:00:34]} 31. Bg5+ {[%clk 0:18:08]} Kg7
{[%clk 0:00:33]} 32. Qd7+ {[%clk 0:17:04]}  1-0

[Event "Olomouc Chess Summer 2022 - B2"]
[Site "Olomouc (CZE), Hotel Flora"]
[Date "2022.08.14"]
[Round "3"]
[Board "1"]
[White "Paseka, Matyas"]
[Black "Obsivac, Josef"]
[Result "1/2-1/2"]
[WhiteElo "2218"]
[BlackElo "2284"]
[PlyCount "0"]
[EventDate "2022.08.13"]
[EventRounds "9"]
[EventCountry "CZE"]

1. e4 {[%clk 1:30:57]} c5 {[%clk 1:30:54]} 2. Nf3 {[%clk 1:31:19]} e6
{[%clk 1:31:12]} 3. d4 {[%clk 1:31:38]} cxd4 {[%clk 1:31:34]} 4. Nxd4
{[%clk 1:32:01]} a6 {[%clk 1:31:45]} 5. Nc3 {[%clk 1:31:44]} b5 {[%clk 1:31:52]}
6. a3 {[%clk 1:28:31]} Bb7 {[%clk 1:31:20]} 7. Bd3 {[%clk 1:28:08]} Qb6
{[%clk 1:25:20]} 8. Nb3 {[%clk 1:27:34]} Qc7 {[%clk 1:25:01]} 9. Qe2
{[%clk 1:24:41]} d6 {[%clk 1:23:47]} 10. Bd2 {[%clk 1:23:25]} Nd7
{[%clk 1:23:29]} 11. a4 {[%clk 1:12:47]} b4 {[%clk 1:21:36]} 12. Na2
{[%clk 1:13:05]} a5 {[%clk 1:21:08]} 13. c3 {[%clk 1:13:21]} Ngf6
{[%clk 0:36:35]} 14. cxb4 {[%clk 1:05:51]} axb4 {[%clk 0:37:03]} 15. Nxb4
{[%clk 1:05:59]} Be7 {[%clk 0:35:19]} 16. O-O {[%clk 0:55:19]} O-O
{[%clk 0:35:44]} 17. Rfc1 {[%clk 0:52:17]} Nc5 {[%clk 0:27:30]} 18. e5
{[%clk 0:38:25]} Nfd7 {[%clk 0:22:47]} 19. Bf4 {[%clk 0:31:26]} Qb6
{[%clk 0:14:02]} 20. exd6 {[%clk 0:28:49]} Nxd3 {[%clk 0:13:47]} 21. Qxd3
{[%clk 0:24:48]} Bf6 {[%clk 0:12:31]} 22. Rc4 {[%clk 0:17:02]} Bxb2
{[%clk 0:11:03]} 23. Ra2 {[%clk 0:08:24]} Ne5 {[%clk 0:10:37]} 24. Bxe5
{[%clk 0:07:54]} Bxe5 {[%clk 0:11:04]} 25. d7 {[%clk 0:06:28]} Rfd8
{[%clk 0:09:47]} 26. Rh4 {[%clk 0:01:18]} g6 {[%clk 0:08:21]} 27. a5
{[%clk 0:01:43]} Qc7 {[%clk 0:07:40]} 28. Rd2 {[%clk 0:02:01]} Bf6
{[%clk 0:04:29]} 29. Rc4 {[%clk 0:01:59]} Qe5 {[%clk 0:04:56]} 30. h3
{[%clk 0:01:13]} Qe1+ {[%clk 0:02:30]} 31. Kh2 {[%clk 0:01:31]} Qe5+
{[%clk 0:02:32]} 32. f4 {[%clk 0:01:45]} Qb5 {[%clk 0:02:35]} 33. Nc5
{[%clk 0:00:45]} Bd5 {[%clk 0:00:56]} 34. Nxd5 {[%clk 0:01:04]} exd5
{[%clk 0:01:25]} 35. Qxd5 {[%clk 0:01:23]} Rxa5 {[%clk 0:01:31]} 36. Qe4
{[%clk 0:00:44]} Ra7 {[%clk 0:00:59]} 37. Rd6 {[%clk 0:00:49]} Qb2
{[%clk 0:00:45]} 38. Qe8+ {[%clk 0:00:49]} Kg7 {[%clk 0:01:13]} 39. Ne4
{[%clk 0:00:42]} Raxd7 {[%clk 0:00:49]} 40. Qxd7 {[%clk 0:00:35]} Rxd7
{[%clk 0:01:11]} 41. Rxd7 {[%clk 0:01:02]} Bh4 {[%clk 0:27:24]} 42. Nd2
{[%clk 0:13:01]} Bf2 {[%clk 0:17:18]} 43. Nf3 {[%clk 0:04:35]} Qb3
{[%clk 0:10:38]} 44. Rcc7 {[%clk 0:04:16]} Be3 {[%clk 0:10:44]} 45. Kg3
{[%clk 0:03:17]} Qa2 {[%clk 0:10:36]} 46. Rxf7+ {[%clk 0:03:14]} Qxf7
{[%clk 0:11:03]} 47. Rxf7+ {[%clk 0:03:39]} Kxf7 {[%clk 0:11:26]} 48. Ng5+
{[%clk 0:02:53]} Kg7 {[%clk 0:11:42]} 49. Kf3 {[%clk 0:03:16]} Bc1
{[%clk 0:11:51]} 50. Ke4 {[%clk 0:01:44]} Bb2 {[%clk 0:07:00]} 51. Kd5
{[%clk 0:00:57]} Bc1 {[%clk 0:06:32]} 52. g3 {[%clk 0:00:59]} Bd2
{[%clk 0:04:59]} 53. Ke6 {[%clk 0:01:01]} Bc1 {[%clk 0:05:06]} 54. Ne4
{[%clk 0:00:50]} Be3 {[%clk 0:04:25]} 55. Ke7 {[%clk 0:00:43]} Bc1
{[%clk 0:04:40]} 56. Nf2 {[%clk 0:00:40]} Be3 {[%clk 0:04:19]} 57. Nd3
{[%clk 0:01:04]} Bd4 {[%clk 0:04:20]} 58. g4 {[%clk 0:01:15]} Bc3
{[%clk 0:03:14]} 59. f5 {[%clk 0:01:29]} h5 {[%clk 0:02:38]} 60. Nf4
{[%clk 0:00:46]} hxg4 {[%clk 0:02:52]} 61. hxg4 {[%clk 0:00:37]} gxf5
{[%clk 0:02:54]} 62. gxf5 {[%clk 0:00:59]} Bb2 {[%clk 0:02:33]} 63. Ke6
{[%clk 0:00:55]} Ba1 {[%clk 0:02:36]} 64. Nd5 {[%clk 0:00:48]} Bb2
{[%clk 0:02:52]} 65. Nb6 {[%clk 0:01:04]} Bc3 {[%clk 0:03:02]} 66. Nd7
{[%clk 0:01:07]} Bb2 {[%clk 0:03:07]} 67. Ne5 {[%clk 0:01:23]} Bxe5
{[%clk 0:03:05]} 68. Kxe5 {[%clk 0:01:49]} Kf7 {[%clk 0:03:30]}  1/2-1/2

[Event "Olomouc Chess Summer 2022 - B2"]
[Site "Olomouc (CZE), Hotel Flora"]
[Date "2022.08.14"]
[Round "3"]
[Board "2"]
[White "Saypuri, Srithan"]
[Black "Nemec, Jachym"]
[Result "1/2-1/2"]
[WhiteElo "2045"]
[BlackElo "2341"]
[PlyCount "0"]
[EventDate "2022.08.13"]
[EventRounds "9"]
[EventCountry "CZE"]

1. e4 {[%clk 1:30:35]} c5 {[%clk 1:30:56]} 2. Nf3 {[%clk 1:30:59]} d6
{[%clk 1:31:21]} 3. d4 {[%clk 1:31:25]} cxd4 {[%clk 1:31:47]} 4. Nxd4
{[%clk 1:31:49]} Nf6 {[%clk 1:32:11]} 5. Nc3 {[%clk 1:32:11]} a6 {[%clk 1:32:36]}
6. h3 {[%clk 1:32:33]} e5 {[%clk 1:31:13]} 7. Nb3 {[%clk 1:32:58]} Be7
{[%clk 1:28:43]} 8. g4 {[%clk 1:33:22]} h6 {[%clk 1:29:03]} 9. Be3
{[%clk 1:33:02]} Nbd7 {[%clk 1:27:45]} 10. a4 {[%clk 1:33:20]} Nf8
{[%clk 1:23:17]} 11. Qd2 {[%clk 1:28:57]} Ng6 {[%clk 1:20:27]} 12. O-O-O
{[%clk 1:22:58]} Bd7 13. Kb1 {[%clk 1:08:11]} Bc6 {[%clk 1:04:51]} 14. Bd3
{[%clk 1:01:20]} Nd7 {[%clk 1:03:41]} 15. a5 {[%clk 0:51:53]} Rc8
{[%clk 1:01:42]} 16. Nd5 {[%clk 0:49:00]} Bg5 {[%clk 0:54:23]} 17. Qb4
{[%clk 0:39:13]} Bxd5 {[%clk 0:42:54]} 18. exd5 {[%clk 0:39:27]} Bxe3
{[%clk 0:36:31]} 19. fxe3 {[%clk 0:39:52]} Qc7 {[%clk 0:35:55]} 20. Nd2
{[%clk 0:22:32]} O-O {[%clk 0:29:34]} 21. Ne4 {[%clk 0:16:03]} Nc5
{[%clk 0:29:17]} 22. Nxc5 {[%clk 0:16:07]} Qxc5 {[%clk 0:29:17]} 23. Qe4
{[%clk 0:14:09]} Rfe8 {[%clk 0:19:31]} 24. h4 {[%clk 0:10:38]} Nf8
{[%clk 0:18:10]} 25. Rdf1 {[%clk 0:08:38]} Qxa5 {[%clk 0:15:34]} 26. h5
{[%clk 0:06:06]} Qd8 {[%clk 0:15:27]} 27. g5 {[%clk 0:05:39]} Qxg5
{[%clk 0:14:59]} 28. Rhg1 {[%clk 0:04:07]} Qe7 {[%clk 0:12:30]} 29. Rf2
{[%clk 0:02:02]} Rc7 {[%clk 0:11:20]} 30. Rfg2 {[%clk 0:02:01]} f6
{[%clk 0:11:34]} 31. Rg4 {[%clk 0:01:58]} Qf7 {[%clk 0:11:24]} 32. Qb4
{[%clk 0:02:12]} Qxd5 {[%clk 0:09:49]} 33. Bc4 {[%clk 0:02:11]} Rxc4
{[%clk 0:10:14]} 34. Rxg7+ {[%clk 0:02:09]} Kh8 {[%clk 0:10:40]} 35. Rg8+
{[%clk 0:02:35]} Qxg8 {[%clk 0:10:46]} 36. Rxg8+ {[%clk 0:03:02]} Kxg8
{[%clk 0:11:11]} 37. Qxc4+ {[%clk 0:03:29]} Ne6 {[%clk 0:11:07]} 38. Qg4+
{[%clk 0:03:36]} Ng7 {[%clk 0:04:46]} 39. Qg6 {[%clk 0:02:01]} Re6
{[%clk 0:05:02]} 40. Qxh6 {[%clk 0:02:22]} f5 {[%clk 0:05:23]} 41. Qg5
{[%clk 0:02:43]} Kh7 {[%clk 0:05:41]} 42. b3 {[%clk 0:00:34]} Rh6
{[%clk 0:03:06]} 43. Qe7 {[%clk 0:00:39]} b5 {[%clk 0:02:36]} 44. Qc7
{[%clk 0:20:44]} Rf6 {[%clk 0:30:13]}  1/2-1/2

[Event "Olomouc Chess Summer 2022 - B2"]
[Site "Olomouc (CZE), Hotel Flora"]
[Date "2022.08.14"]
[Round "3"]
[Board "3"]
[White "Mannion, Stephen R"]
[Black "Mica, Marek"]
[Result "1/2-1/2"]
[WhiteElo "2232"]
[BlackElo "2297"]
[PlyCount "0"]
[EventDate "2022.08.13"]
[EventRounds "9"]
[EventCountry "CZE"]

1. e4 {[%clk 1:29:39]} c6 {[%clk 1:29:20]} 2. d4 {[%clk 1:30:01]} d5
{[%clk 1:29:44]} 3. e5 {[%clk 1:30:26]} Bf5 {[%clk 1:30:09]} 4. Nd2
{[%clk 1:30:49]} e6 {[%clk 1:30:20]} 5. Nb3 {[%clk 1:31:12]} Nd7 {[%clk 1:30:35]}
6. Nf3 {[%clk 1:31:33]} Ne7 {[%clk 1:30:48]} 7. Be2 {[%clk 1:31:41]} h6
{[%clk 1:31:08]} 8. O-O {[%clk 1:31:44]} g5 {[%clk 1:31:21]} 9. a4
{[%clk 1:30:52]} Bg7 {[%clk 1:31:42]} 10. a5 {[%clk 1:24:28]} O-O
{[%clk 1:31:46]} 11. Ne1 {[%clk 1:08:51]} Bg6 {[%clk 1:30:24]} 12. f4
{[%clk 1:00:21]} gxf4 {[%clk 1:29:27]} 13. Nd3 {[%clk 0:56:05]} c5
{[%clk 1:20:02]} 14. Nbxc5 {[%clk 0:54:41]} Nxc5 {[%clk 1:19:57]} 15. Nxc5 Nc6
{[%clk 1:14:24]} 16. c3 {[%clk 0:24:18]} Nxa5 {[%clk 1:12:21]} 17. b4
{[%clk 0:23:43]} b6 {[%clk 1:11:13]} 18. bxa5 {[%clk 0:21:28]} bxc5
{[%clk 1:11:16]} 19. Bxf4 {[%clk 0:21:10]} c4 {[%clk 1:06:10]}  1/2-1/2

[Event "Olomouc Chess Summer 2022 - B2"]
[Site "Olomouc (CZE), Hotel Flora"]
[Date "2022.08.14"]
[Round "3"]
[Board "4"]
[White "Biolek, Richard"]
[Black "Shubin, Daniel"]
[Result "1-0"]
[WhiteElo "2402"]
[BlackElo "2206"]
[PlyCount "0"]
[EventDate "2022.08.13"]
[EventRounds "9"]
[EventCountry "CZE"]

1. e4 {[%clk 1:30:54]} e6 {[%clk 1:30:58]} 2. d4 {[%clk 1:31:00]} d5
{[%clk 1:31:24]} 3. Nc3 {[%clk 1:31:17]} Bb4 {[%clk 1:31:51]} 4. e5
{[%clk 1:31:39]} c5 {[%clk 1:32:18]} 5. Bd2 {[%clk 1:32:04]} Ne7 {[%clk 1:20:44]}
6. Nb5 {[%clk 1:31:47]} Bxd2+ {[%clk 1:20:15]} 7. Qxd2 {[%clk 1:32:14]} O-O
{[%clk 1:19:52]} 8. f4 {[%clk 1:28:43]} cxd4 {[%clk 1:13:34]} 9. Nf3
{[%clk 1:27:50]} Qb6 {[%clk 1:11:35]} 10. Qxd4 {[%clk 1:24:02]} Qxd4
{[%clk 1:10:49]} 11. Nbxd4 {[%clk 1:23:50]} a6 {[%clk 1:03:52]} 12. Bd3
{[%clk 1:23:23]} Nbc6 {[%clk 1:04:06]} 13. Kd2 {[%clk 1:20:54]} Nxd4
{[%clk 1:04:00]} 14. Nxd4 {[%clk 1:21:21]} Nc6 {[%clk 1:03:31]} 15. c3
{[%clk 1:20:53]} f6 {[%clk 0:58:50]} 16. exf6 {[%clk 1:07:14]} gxf6
{[%clk 0:43:31]} 17. Rae1 {[%clk 1:06:01]} Kf7 {[%clk 0:40:48]} 18. g4
{[%clk 0:59:28]} Rg8 {[%clk 0:39:02]} 19. Rhg1 {[%clk 0:56:10]} Bd7
{[%clk 0:38:46]} 20. g5 {[%clk 0:55:50]} Rae8 {[%clk 0:32:26]} 21. Bxh7
{[%clk 0:49:07]} Rh8 {[%clk 0:32:50]} 22. Nf3 {[%clk 0:45:00]} e5
{[%clk 0:29:33]} 23. gxf6 {[%clk 0:20:31]} Kxf6 {[%clk 0:28:18]} 24. fxe5+
{[%clk 0:19:46]} Ke7 {[%clk 0:22:30]} 25. Rg7+ {[%clk 0:15:07]} Kd8
{[%clk 0:22:48]} 26. e6 {[%clk 0:14:18]} Bxe6 {[%clk 0:21:29]} 27. Ng5
{[%clk 0:13:58]} Bg8 {[%clk 0:21:42]} 28. Rxe8+ {[%clk 0:14:21]} Kxe8
{[%clk 0:22:08]} 29. Rxg8+ {[%clk 0:14:30]}  1-0

[Event "Olomouc Chess Summer 2022 - B2"]
[Site "Olomouc (CZE), Hotel Flora"]
[Date "2022.08.14"]
[Round "3"]
[Board "5"]
[White "Wiley, Tom E"]
[Black "Camarena Jimenez, Rufino"]
[Result "0-1"]
[WhiteElo "2169"]
[BlackElo "2308"]
[PlyCount "0"]
[EventDate "2022.08.13"]
[EventRounds "9"]
[EventCountry "CZE"]

1. d4 {[%clk 1:30:59]} Nf6 {[%clk 1:30:50]} 2. Bg5 {[%clk 1:31:24]} d5
{[%clk 1:30:41]} 3. e3 {[%clk 1:31:48]} c5 {[%clk 1:30:13]} 4. Bxf6
{[%clk 1:32:12]} gxf6 {[%clk 1:30:29]} 5. dxc5 {[%clk 1:32:25]} e6
{[%clk 1:30:25]} 6. c4 {[%clk 1:32:19]} dxc4 {[%clk 1:30:27]} 7. Nd2
{[%clk 1:32:30]} c3 {[%clk 1:26:16]} 8. bxc3 {[%clk 1:32:55]} Bxc5
{[%clk 1:26:16]} 9. Qh5 {[%clk 1:32:49]} Nd7 {[%clk 1:19:56]} 10. Ngf3
{[%clk 1:28:27]} Qc7 {[%clk 1:13:56]} 11. Be2 {[%clk 1:25:49]} Ne5
{[%clk 1:04:46]} 12. O-O {[%clk 1:05:08]} Bd7 {[%clk 1:00:26]} 13. Ne4
{[%clk 0:48:28]} Be7 {[%clk 1:00:11]} 14. Nd4 {[%clk 0:40:09]} Ng6
{[%clk 0:46:07]} 15. Nb5 {[%clk 0:36:43]} Qb8 {[%clk 0:38:14]} 16. Rfd1
{[%clk 0:35:23]} Bc6 {[%clk 0:35:35]} 17. Ned6+ {[%clk 0:29:59]} Kf8
{[%clk 0:33:19]} 18. Nc4 {[%clk 0:26:58]} Kg7 {[%clk 0:30:41]} 19. Nd4
{[%clk 0:24:26]} Ba4 {[%clk 0:29:46]} 20. Rd2 {[%clk 0:23:52]} Rd8
{[%clk 0:29:09]} 21. Rb2 {[%clk 0:18:58]} Rd5 {[%clk 0:28:22]} 22. Qh3
{[%clk 0:17:20]} Qc7 {[%clk 0:27:02]} 23. Rab1 {[%clk 0:14:51]} b6
{[%clk 0:26:31]} 24. Nb5 {[%clk 0:11:02]} Bxb5 {[%clk 0:15:03]} 25. Rxb5
{[%clk 0:11:26]} Rad8 {[%clk 0:15:23]} 26. R5b3 {[%clk 0:10:43]} Rc5
{[%clk 0:15:04]} 27. Rb4 {[%clk 0:01:09]} Rc6 {[%clk 0:10:43]} 28. Ra4
{[%clk 0:00:58]} Rd5 {[%clk 0:10:29]} 29. Nb2 {[%clk 0:00:35]} Rxc3
{[%clk 0:10:20]} 30. Rc4 {[%clk 0:01:01]} Rxc4 {[%clk 0:09:48]} 31. Nxc4
{[%clk 0:01:30]} b5 {[%clk 0:06:07]} 32. e4 {[%clk 0:01:58]} Rc5 {[%clk 0:06:30]}
33. Ne3 {[%clk 0:02:06]} Rc1+ {[%clk 0:06:40]} 34. Rxc1 {[%clk 0:02:33]} Qxc1+
{[%clk 0:07:05]} 35. Bf1 {[%clk 0:01:55]} Bc5 {[%clk 0:07:06]} 36. Ng4
{[%clk 0:02:11]} f5 {[%clk 0:04:41]} 37. exf5 {[%clk 0:02:24]} exf5
{[%clk 0:05:03]} 38. Ne3 {[%clk 0:02:36]} Bxe3 {[%clk 0:01:49]} 39. fxe3
{[%clk 0:01:16]} Qc5 {[%clk 0:01:03]} 40. Qf3 {[%clk 0:00:47]} f4
{[%clk 0:01:04]} 41. Kf2 {[%clk 0:01:12]} a5 {[%clk 0:27:22]} 42. Be2
{[%clk 0:28:31]} a4 {[%clk 0:26:43]} 43. g3 {[%clk 0:28:27]} fxg3+
{[%clk 0:23:01]} 44. Qxg3 {[%clk 0:28:37]} b4 {[%clk 0:22:44]} 45. Qb8
{[%clk 0:27:32]} b3 {[%clk 0:20:01]} 46. axb3 {[%clk 0:27:57]} a3
{[%clk 0:20:25]}  0-1

[Event "Olomouc Chess Summer 2022 - B2"]
[Site "Olomouc (CZE), Hotel Flora"]
[Date "2022.08.15"]
[Round "4"]
[Board "3"]
[White "Mica, Marek"]
[Black "Biolek, Richard"]
[Result "1-0"]
[WhiteElo "2297"]
[BlackElo "2402"]
[PlyCount "0"]
[EventDate "2022.08.13"]
[EventRounds "9"]
[EventCountry "CZE"]

1. d4 {[%clk 1:30:55]} d5 {[%clk 1:25:31]} 2. c4 {[%clk 1:31:02]} c6
{[%clk 1:25:54]} 3. Nf3 {[%clk 1:31:07]} Nf6 {[%clk 1:26:20]} 4. Nc3
{[%clk 1:31:09]} e6 {[%clk 1:26:42]} 5. g3 {[%clk 1:28:12]} dxc4 {[%clk 1:24:59]}
6. Bg2 {[%clk 1:24:43]} b5 {[%clk 1:24:01]} 7. Ne5 {[%clk 1:23:18]} Nd5
{[%clk 1:22:15]} 8. e4 {[%clk 1:22:12]} Nxc3 {[%clk 1:20:01]} 9. bxc3
{[%clk 1:22:35]} Bb7 {[%clk 1:18:28]} 10. Qh5 {[%clk 1:20:47]} Qc7
{[%clk 1:07:25]} 11. Bf4 {[%clk 1:17:51]} Qe7 {[%clk 0:59:19]} 12. Bg5
{[%clk 1:12:41]} Qc7 {[%clk 0:59:28]} 13. Bd8 {[%clk 1:10:05]} Kxd8
{[%clk 0:52:52]} 14. Nxf7+ {[%clk 1:09:14]} Kc8 {[%clk 0:52:00]} 15. Nxh8
{[%clk 1:09:20]} g6 {[%clk 0:52:10]} 16. Qf3 {[%clk 1:08:34]} Bg7
{[%clk 0:52:19]} 17. Nf7 {[%clk 1:08:45]} c5 {[%clk 0:51:07]} 18. dxc5
{[%clk 1:08:17]} Nd7 {[%clk 0:50:28]} 19. Nd6+ {[%clk 1:07:06]} Kb8
{[%clk 0:50:25]} 20. Nxb7 {[%clk 1:07:12]} Ne5 {[%clk 0:51:17]} 21. Qe3
{[%clk 1:06:04]} Kxb7 {[%clk 0:51:03]} 22. O-O {[%clk 1:05:46]} Rc8
{[%clk 0:43:09]} 23. a4 {[%clk 0:59:36]} Qxc5 {[%clk 0:43:11]} 24. Qxc5
{[%clk 0:59:24]} Rxc5 {[%clk 0:43:39]} 25. axb5 {[%clk 0:58:59]} Rxb5
{[%clk 0:44:03]} 26. Ra4 {[%clk 0:58:54]} Rb3 {[%clk 0:43:27]} 27. Rfa1
{[%clk 0:58:15]}  1-0

[Event "Olomouc Chess Summer 2022 - B2"]
[Site "Olomouc (CZE), Hotel Flora"]
[Date "2022.08.15"]
[Round "4"]
[Board "4"]
[White "Nemec, Jachym"]
[Black "Mannion, Stephen R"]
[Result "1/2-1/2"]
[WhiteElo "2341"]
[BlackElo "2232"]
[PlyCount "0"]
[EventDate "2022.08.13"]
[EventRounds "9"]
[EventCountry "CZE"]

1. d4 {[%clk 1:30:58]} d5 {[%clk 1:30:42]} 2. c4 {[%clk 1:31:23]} dxc4
{[%clk 1:31:06]} 3. e4 {[%clk 1:31:50]} b5 {[%clk 1:30:16]} 4. a4
{[%clk 1:32:09]} c6 {[%clk 1:30:40]} 5. axb5 {[%clk 1:32:34]} cxb5
{[%clk 1:31:05]} 6. Nc3 {[%clk 1:32:46]} Qb6 {[%clk 1:31:23]} 7. b3
{[%clk 1:12:19]} e6 {[%clk 1:30:33]} 8. bxc4 {[%clk 1:11:13]} Bb4
{[%clk 1:30:45]} 9. Bd2 {[%clk 1:05:51]} bxc4 {[%clk 1:29:57]} 10. Bxc4
{[%clk 1:04:43]} Ne7 {[%clk 1:21:04]} 11. Nge2 {[%clk 1:03:18]} O-O
{[%clk 1:17:56]} 12. O-O {[%clk 1:03:10]} a5 {[%clk 1:11:29]} 13. d5
{[%clk 0:55:49]} Ba6 {[%clk 1:00:36]} 14. Be3 {[%clk 0:53:18]} Qd6
{[%clk 0:58:39]} 15. Bxa6 {[%clk 0:38:26]} Nxa6 {[%clk 0:57:26]} 16. Qb3
{[%clk 0:35:55]} exd5 {[%clk 0:47:10]} 17. Nxd5 {[%clk 0:34:51]} Nxd5
{[%clk 0:41:15]} 18. exd5 {[%clk 0:33:19]} Rfd8 {[%clk 0:29:36]} 19. Rfd1
{[%clk 0:33:11]} Nc5 {[%clk 0:28:42]} 20. Qc4 {[%clk 0:30:24]} Qa6
{[%clk 0:17:13]} 21. Qg4 {[%clk 0:24:53]} Qg6 {[%clk 0:15:57]} 22. Qc4
{[%clk 0:22:58]} Qa6 {[%clk 0:16:15]} 23. Qg4 {[%clk 0:22:32]} Qg6 24. Qc4
 1/2-1/2

[Event "Olomouc Chess Summer 2022 - B2"]
[Site "Olomouc (CZE), Hotel Flora"]
[Date "2022.08.15"]
[Round "4"]
[Board "5"]
[White "Paseka, Matyas"]
[Black "Saypuri, Srithan"]
[Result "1/2-1/2"]
[WhiteElo "2218"]
[BlackElo "2045"]
[PlyCount "0"]
[EventDate "2022.08.13"]
[EventRounds "9"]
[EventCountry "CZE"]

1. e4 {[%clk 1:30:58]} e5 {[%clk 1:27:46]} 2. Nf3 {[%clk 1:31:18]} Nf6
{[%clk 1:28:07]} 3. Nxe5 {[%clk 1:31:34]} d6 {[%clk 1:28:32]} 4. Nf3
{[%clk 1:31:55]} Nxe4 {[%clk 1:28:56]} 5. Nc3 {[%clk 1:32:14]} Nxc3
{[%clk 1:29:07]} 6. dxc3 {[%clk 1:32:37]} Be7 {[%clk 1:29:33]} 7. Be3
{[%clk 1:32:54]} Nc6 {[%clk 1:29:59]} 8. Qd2 {[%clk 1:33:11]} Be6
{[%clk 1:30:25]} 9. O-O-O {[%clk 1:32:26]} Qd7 {[%clk 1:30:40]} 10. Kb1
{[%clk 1:31:44]} a6 {[%clk 1:31:06]} 11. Nd4 {[%clk 1:26:28]} Nxd4
{[%clk 1:31:04]} 12. Bxd4 {[%clk 1:26:39]} Rg8 {[%clk 1:27:31]} 13. Bd3
{[%clk 1:23:38]} g6 {[%clk 1:27:43]} 14. Rhe1 {[%clk 1:21:52]} O-O-O
{[%clk 1:24:34]} 15. f3 {[%clk 1:18:23]} Rge8 {[%clk 1:16:01]} 16. c4
{[%clk 1:11:46]} Bf5 {[%clk 1:12:22]} 17. Re2 {[%clk 0:43:28]} Bxd3
{[%clk 1:06:21]} 18. Qxd3 {[%clk 0:43:45]} Bh4 {[%clk 1:03:46]} 19. g3
{[%clk 0:34:14]} Rxe2 {[%clk 1:04:10]} 20. Qxe2 {[%clk 0:34:38]} Re8
{[%clk 1:04:34]} 21. Qf2 {[%clk 0:34:58]} Bd8 {[%clk 1:04:06]} 22. Re1
{[%clk 0:27:31]} Qc6 {[%clk 0:59:40]} 23. Rxe8 {[%clk 0:27:34]} Qxe8
{[%clk 1:00:07]} 24. Qe3 {[%clk 0:27:31]} Qxe3 {[%clk 0:59:41]} 25. Bxe3
{[%clk 0:27:57]} Be7 {[%clk 1:00:04]} 26. c3 {[%clk 0:26:32]} Kd7
{[%clk 1:00:12]} 27. Kc2 {[%clk 0:27:19]} Ke6 {[%clk 1:00:37]} 28. Kd3
{[%clk 0:27:34]} h5 {[%clk 0:55:07]} 29. h3 {[%clk 0:25:04]} Kf5 {[%clk 0:46:03]}
30. g4+ {[%clk 0:25:00]} hxg4 {[%clk 0:45:48]} 31. hxg4+ {[%clk 0:24:22]} Ke5
{[%clk 0:45:58]} 32. f4+ {[%clk 0:22:20]} Ke6 {[%clk 0:45:28]} 33. Ke4
{[%clk 0:21:44]} f5+ {[%clk 0:40:01]} 34. gxf5+ {[%clk 0:22:08]} gxf5+
{[%clk 0:40:28]} 35. Kd3 {[%clk 0:22:06]}  1/2-1/2